000 00830nam a22002417a 4500
003 UA-OsUOA
001 54166
007 ta
008 20080527b un ||||| |||| 00| 0 ukr d
090 _a659
_bС-12
942 _cMG
040 _aUA-OsUOA
_brus
_cUA-OsUOA
_dUA-OsUOA
245 _aСвязи с общественностью
_bАльманах
_cГлав. ред. Асланов Т.
300 _a217 с.
955 _a1
041 _arus
080 _a659
260 _aМ.
_bИмидж-Медиа
246 3 1 _aСвязи с общественностью в государственных структурах
_n
044 _aRU
099 _a60271
650 7 _a659 Реклама. Система інформації. Громадська інформація та реклама (Паблик-Рилейшнз)
_2UDC
999 _c340210
_d340210